000 00828nam a2200229Ii 4500
003 JO-AjNU
008 230605s9999||||xx |||||||||||||| ||und||
017 _a1998/9/1443
020 _a9957-11-009-3
040 _aJO-AjNU
_bara
_erda
_cJO-AjNU
041 _aara
050 1 4 _aHF5438.4.U2288 2010
100 3 _aتأليف: عبيدات،محمد/م.مشارك: هاني الضمور،شفيق حداد,
_eauthor
_933099
245 0 0 _aادارة المبيعات والبيع الشخصي
250 _aط7
264 3 1 _aعمان:دار وائل للنشر والتوزيع؛2010
300 _a323ص
_bيحتوي على ببلوغرافية من ص321-323ص
336 _atext
_btxt
_2rdacontent
337 _aunmediated
_bn
_2rdamedia
338 _avolume
_bnc
_2rdacarrier
650 4 _aادارة المبيعات
_933100
999 _aA13436
_c17004
_d17004